000 nam a22 7a 4500
999 _c162
_d162
005 20170421111852.0
008 170421b1996 uk ||||| |||| 00| 0 eng d
020 _a0198612508 :
_c£25.00
040 _aAKMAL
082 _a425 OXF
090 _a425
_bOXF
245 _aTHE OXFORD ENGLISH GRAMMAR
300 _c24cm
650 _aDIXTIONARY
_9399
942 _2ddc
_cBOOK